<?xml version="1.0" encoding="UTF-8"?>
<record
    xmlns:xsi="http://www.w3.org/2001/XMLSchema-instance"
    xsi:schemaLocation="http://www.loc.gov/MARC21/slim http://www.loc.gov/standards/marcxml/schema/MARC21slim.xsd"
    xmlns="http://www.loc.gov/MARC21/slim">

  <leader>01721nam a2200241Ia 4500</leader>
  <controlfield tag="003">OSt</controlfield>
  <controlfield tag="005">20210920155959.0</controlfield>
  <controlfield tag="008">210310s1992    cr     gr     000 0 spa d</controlfield>
  <datafield tag="020" ind1=" " ind2=" ">
    <subfield code="a">9977471517</subfield>
  </datafield>
  <datafield tag="040" ind1=" " ind2=" ">
    <subfield code="a">CO-JMCR</subfield>
    <subfield code="c">CO-JMCR</subfield>
  </datafield>
  <datafield tag="041" ind1="0" ind2=" ">
    <subfield code="a">spa</subfield>
  </datafield>
  <datafield tag="082" ind1="0" ind2="4">
    <subfield code="a">338.9 / </subfield>
    <subfield code="b">G312p</subfield>
    <subfield code="2">23</subfield>
  </datafield>
  <datafield tag="100" ind1="1" ind2=" ">
    <subfield code="a">Geiger, Erwin P.,</subfield>
    <subfield code="e">autor </subfield>
    <subfield code="9">28348</subfield>
  </datafield>
  <datafield tag="245" ind1="1" ind2="0">
    <subfield code="a">Privatizaci&#xF3;n y pol&#xED;tica econ&#xF3;mica / </subfield>
    <subfield code="c">Erwin P. Geiger</subfield>
  </datafield>
  <datafield tag="250" ind1=" " ind2=" ">
    <subfield code="a">Segunda edici&#xF3;n </subfield>
  </datafield>
  <datafield tag="260" ind1=" " ind2=" ">
    <subfield code="a">San Jos&#xE9;, Costa Rica : </subfield>
    <subfield code="b">Litograf&#xED;a e imprenta, </subfield>
    <subfield code="c">1992</subfield>
  </datafield>
  <datafield tag="300" ind1=" " ind2=" ">
    <subfield code="a">86 p&#xE1;ginas ; </subfield>
    <subfield code="c">22 cm.</subfield>
  </datafield>
  <datafield tag="505" ind1="0" ind2=" ">
    <subfield code="a">Tendencia mundial a la privatizaci&#xF3;n. -- Privatizaci&#xF3;n en el contexto de la pol&#xED;tica econ&#xF3;mica. -- Justificaci&#xF3;n te&#xF3;rica de la privatizaci&#xF3;n. -- Resumen de cuarenta a&#xF1;os de experiencia con empresas estatales. -- M&#xE9;todos de privatizaci&#xF3;n. -- Etapas de privatizaci&#xF3;n. -- Empresas estatales y la eficiencia. -- Privatizaci&#xF3;n e inter&#xE9;s p&#xFA;blico. -- Obst&#xE1;culos para la privatizaci&#xF3;n. -- Conclusiones para la pol&#xED;tica econ&#xF3;mica.</subfield>
  </datafield>
  <datafield tag="520" ind1=" " ind2=" ">
    <subfield code="a">En los pa&#xED;ses ricos los procesos productivos est&#xE1;n fundamentalmente a cargo de empresas privadas.
Durante los &#xFA;ltimos quince a&#xF1;os fue haci&#xE9;ndose cada vez m&#xE1;s evidente que las empresas del Estado no contribuyeron al crecimiento econ&#xF3;mico de los pa&#xED;ses en desarrollo.
Los fondos disponibles siempre son limita dos. El gobierno que usa fondos para mantener "empleos" improductivos no tiene los fondos para crear empleos productivos.
Los pa&#xED;ses que siguieron el modelo de econom&#xED;a de mercado, abrieron el camino contra la pobreza y alcanzaron niveles de ingreso sorprendentemente altos.</subfield>
  </datafield>
  <datafield tag="650" ind1="1" ind2="4">
    <subfield code="a">Pol&#xED;tica econ&#xF3;mica </subfield>
    <subfield code="9">40650</subfield>
  </datafield>
  <datafield tag="650" ind1="2" ind2="4">
    <subfield code="a">Desarrollo econ&#xF3;mico </subfield>
    <subfield code="9">40651</subfield>
  </datafield>
  <datafield tag="942" ind1=" " ind2=" ">
    <subfield code="2">ddc</subfield>
    <subfield code="c">BK</subfield>
  </datafield>
  <datafield tag="999" ind1=" " ind2=" ">
    <subfield code="c">12478</subfield>
    <subfield code="d">12478</subfield>
  </datafield>
  <datafield tag="952" ind1=" " ind2=" ">
    <subfield code="0">0</subfield>
    <subfield code="1">0</subfield>
    <subfield code="2">ddc</subfield>
    <subfield code="4">0</subfield>
    <subfield code="7">0</subfield>
    <subfield code="a">CPL</subfield>
    <subfield code="b">CPL</subfield>
    <subfield code="c">GEN</subfield>
    <subfield code="d">2018-04-15</subfield>
    <subfield code="e">Donaci&#xF3;n</subfield>
    <subfield code="o">338.9 / G312p</subfield>
    <subfield code="p">430005467</subfield>
    <subfield code="r">2024-05-16 00:00:00</subfield>
    <subfield code="t">Ej.1</subfield>
    <subfield code="w">2021-03-10</subfield>
    <subfield code="y">BK</subfield>
  </datafield>
</record>
